Computers, System Science, and Evolving Society <The> Challenge of Man-Machine Digital Systems

Enregistré dans:
Détails bibliographiques
Auteur principal: Sackman, Harold
Format: Livre
Langue:anglais
Publié: New York Wiley 1967
Édition:1. ed.
Tags: Ajouter un tag
Pas de tags, Soyez le premier à ajouter un tag!

MARC

LEADER 00000nam a2200000 4500
001 c033519
005 20221220101503.0
041 0 |a eng 
044 |a US 
245 1 0 |a Computers, System Science, and Evolving Society  |b <The> Challenge of Man-Machine Digital Systems  |c Harold Sackman 
250 |a 1. ed. 
264 1 |a New York  |b Wiley  |c 1967 
300 |a 638 s. 
100 1 |a Sackman, Harold